Neurodiversity for dummies
Sábháilte in:
| Príomhchruthaitheoir: | |
|---|---|
| Rannpháirtithe: | , |
| Formáid: | LEABHAR |
| Teanga: | Béarla |
| Foilsithe / Cruthaithe: |
Hoboken
John Wiley & Sons
2024
|
| Clibeanna: |
Níl clibeanna ann, Bí ar an gcéad duine le clib a chur leis an taifead seo!
|
MARC
| LEADER | 00000nam a22000007a 4500 | ||
|---|---|---|---|
| 003 | Arcigay Catania | ||
| 005 | 20260116195436.0 | ||
| 008 | 260116b |||||||| |||| 00| 0 eng d | ||
| 020 | |a 9781394216178 | ||
| 040 | |a Arcigay Catania |b Ita |c Arcigay Catania | ||
| 041 | |a Eng | ||
| 100 | |a Marble, John | ||
| 245 | |a Neurodiversity |b for dummies |c John Marble | ||
| 260 | |a Hoboken |b John Wiley & Sons |c 2024 | ||
| 700 | |a Chabria, Krushboo | ||
| 700 | |a Jayaraman, Ranga | ||
| 942 | |2 ddc |c BK |n 0 | ||
| 952 | |0 0 |1 0 |2 ddc |4 0 |6 158_100000000000000_MAR_NEU |7 0 |9 26187 |a CT |b CT |d 2026-01-16 |l 0 |o 158.1 MAR NEU |p 11633 |r 2026-01-16 20:08:55 |w 2026-01-16 |y BK | ||
| 999 | |c 22170 |d 22170 | ||